000 00719nam a2200289Ia 4500
005 20260324134104.0
008 008 260324s9999 xx 000 0 eng d
020 _a9781003447573
037 _aEBOOK
040 _aCRL
040 _beng
040 _cCRL
041 _2eng
041 _aeng
084 _qCRL
100 _aJames E. Zull
_91171898
245 4 _aThe Art of Changing the Brain
245 0 _bEnriching the Practice of Teaching by Exploring the Biology of Learning
260 _bTaylor and Francis
260 _c2002
365 _a
365 _b120
856 _uhttp://www.taylorfrancis.com/books/9781003447573
942 _cEBOOK
999 _c1795223
_d1795223